| 000 | 00429cam a2200169ua 4500 | ||
|---|---|---|---|
| 003 | OSt | ||
| 008 | 250405b |||||||| |||| 00| 0 eng d | ||
| 041 | _aeng | ||
| 082 |
_a624.15136 _bGUD/CO |
||
| 100 |
_aGudehus, G . _97388 |
||
| 245 | _aConstitutive relations for soils / | ||
| 260 |
_aUSA : _bA A Balkema , _c1982. |
||
| 300 | _a497 ; . | ||
| 700 | 1 |
_aDarve, F . _97389 |
|
| 700 | 1 |
_aVardoulakis, L . _97390 |
|
| 942 | _cBK | ||
| 999 |
_c10396 _d10396 |
||